000 01124ncm0a2200313 4500
001 RU\NLR\ONIZ\213217
005 20250624205223.0
035 _a(NLR Aleph) 010985997
071 2 0 _aс 3677 к
090 _a10902149
_c10902149
100 _a20151208d2004 |||y0rusy50 ca
101 0 _arus
102 _aRU
125 _aax
200 1 _aДиктанты с аккомпанементом
_bНоты
_eст. кл. ДМШ, муз. училища, консерватории
_fО. Рогальская
210 _aСанкт-Петербург
_cКомпозитор - Санкт-Петербург
_d2004
215 _a27 с.
_d29 см
606 1 _aМузыкальные диктанты
_jНоты
_2nlr_sh
686 _aЩ907.12(2Р=Рус)
_vLBC/SL
_2rubbk
700 1 _9z03790
_aРогальская
_bО. Ю.
_gОльга Юрьевна
_4070
790 1 _9z03700
_aRogal`skaya
_bO.
_gOl`ga
_4070
801 0 _aRU
_bNLR
_c20151208
_gPSBO
801 1 _aRU
_bNLR
_c20151208
_2rusmarc
801 2 _aRU
_bNLR
_c20170830
852 _aNLR
_bМ
_jК-3/27626
_p257474
_t1
942 _cSCORE
980 _aNB
980 _aONIZ